The Complexity Vision and the Teaching of Economics (Record no. 613124)

MARC details
000 -LEADER
fixed length control field 00477nam a2200157 a 4500
008 - FIXED-LENGTH DATA ELEMENTS--GENERAL INFORMATION
fixed length control field 260220s2026##################000#0#eng##
020 ## - INTERNATIONAL STANDARD BOOK NUMBER
ISBN 9781840242520
Paper back/Hardbound hbk
082 04 - DEWEY DECIMAL CLASSIFICATION NUMBER
Classification number 330.71 COL
100 ## - MAIN ENTRY--AUTHOR NAME
Personal name Colander,David
245 10 - TITLE STATEMENT
Title The Complexity Vision and the Teaching of Economics
Statement of responsibility, etc \David Colander
260 ## - PUBLICATION, DISTRIBUTION, ETC. (IMPRINT)
Place of publication UK:
Name of publisher Edward Elgar Publishing Ltd,
Year of publication 2000
300 ## - PHYSICAL DESCRIPTION
Number of Pages XIII,307p.
Dimensions ;24cm.
650 ## - SUBJECT ADDED ENTRY--TOPICAL TERM
Topical Term Economics-study and teaching
942 ## - ADDED ENTRY ELEMENTS (KOHA)
Koha item type English Books
Holdings
Withdrawn status Lost status Damaged status Not for loan Home library Current library Shelving location Date acquired Full call number Accession Number Price effective from Koha item type
        Anna Centenary Library Anna Centenary Library 4TH FLOOR, A WING 20.02.2026 330.71 COL 348576 20.02.2026 English Books

Find us on the map